Comuni della Provincia di Avellino (con mappa) - Statistics

Statistiche generali
  • Questo quiz è stato fatto 147 volte
  • Il punteggio medio è 74 su 118
Risposte nella Mappa
Le risposte nella mappa del quiz sottostante sono codificate secondo una scala di colori dal rosso al verde in base alla % di persone che hanno risposto correttamente.
 
Statistiche sulle risposte
Risposta % Corretto
Avellino
100%
Ariano Irpino
92%
Atripalda
89%
Montella
89%
Grottaminarda
87%
Avella
82%
Bagnoli Irpino
82%
Baiano
82%
Lioni
82%
Mercogliano
82%
Nusco
82%
Serino
82%
Lacedonia
79%
Sant'Angelo dei Lombardi
79%
Calitri
76%
Monteforte Irpino
76%
Montemiletto
76%
Montoro
76%
Solofra
76%
Zungoli
76%
Aquilonia
74%
Bisaccia
71%
Conza della Campania
71%
Greci
71%
Mugnano del Cardinale
71%
Altavilla Irpina
68%
Caposele
68%
Fontanarosa
68%
Mirabella Eclano
68%
Montefusco
68%
Montemarano
68%
Summonte
68%
Tufo
68%
Vallata
68%
Calabritto
66%
Cervinara
66%
Grottolella
66%
Lauro
66%
Montefredane
66%
Paternopoli
66%
Pietrastornina
66%
Taurasi
66%
Aiello del Sabato
63%
Capriglia Irpina
63%
Cassano Irpino
63%
Flumeri
63%
Lapio
63%
Luogosano
63%
Montefalcione
63%
Morra De Sanctis
63%
Pietradefusi
63%
Pratola Serra
63%
Roccabascerana
63%
San Michele di Serino
63%
Sant'Andrea di Conza
63%
Venticano
63%
Volturara Irpina
63%
Andretta
61%
Bonito
61%
Castel Baronia
61%
Castelfranci
61%
Chiusano di San Domenico
61%
Manocalzati
61%
Monteverde
61%
San Mango sul Calore
61%
San Sossio Baronia
61%
Vallesaccarda
61%
Villanova del Battista
61%
Candida
58%
Chianche
58%
Melito Irpino
58%
Prata di Principato Ultra
58%
Quindici
58%
Salza Irpina
58%
San Nicola Baronia
58%
Cesinali
55%
Forino
55%
Frigento
55%
Gesualdo
55%
Guardia Lombardi
55%
Marzano di Nola
55%
San Martino Valle Caudina
55%
Savignano Irpino
55%
Scampitella
55%
Sperone
55%
Teora
55%
Torella dei Lombardi
55%
Cairano
53%
Carife
53%
Castelvetere sul Calore
53%
Moschiano
53%
Ospedaletto d'Alpinolo
53%
Quadrelle
53%
Rocca San Felice
53%
San Potito Ultra
53%
Sant'Angelo all'Esca
53%
Sant'Angelo a Scala
53%
Santa Paolina
53%
Senerchia
53%
Sirignano
53%
Sturno
53%
Torre Le Nocelle
53%
Torrioni
53%
Trevico
53%
Casalbore
50%
Contrada
50%
Montecalvo Irpino
50%
Pago del Vallo di Lauro
50%
Taurano
50%
Domicella
47%
Petruro Irpino
47%
Santa Lucia di Serino
47%
Montaguto
45%
Santo Stefano del Sole
45%
Rotondi
42%
Villamaina
42%
Parolise
39%
Sorbo Serpico
37%
Nessun quiz corrispondente trovato
Distribuzione punteggi
Percentuale di utenti per punteggio
Percentile per numero di risposta
I tuoi punteggi nel tempo
Non hai fatto questo quiz